00785nac a22002291u 4500010001400000020002200014028001400036082002000050090001500070100003400085245006700119260005200186300003700238500002100275504002000296650002800316650002800344700002400372942002200396999001500418952012200433 a013454412 a0071457992 (hbk.) bwww.bl.uk a690.0218bP2773 c2894d2894 aPatterson, Terry L.  aIllustrated 2006 building code handbook /cTerry L. Patterson. aNew York ; London : 2007.b McGraw-Hillcc.2007 alvii, 1116 p. :bill. ;c 25 cm. aFormerly CIP. Uk aIncludes index. aBuildings -- Standards. aStandards, Engineering. aPatterson, Terry L. cBBk690.0218P2773 c2894d2894 00104070aMAINbMAINc1STd2008-03-07ePurchasel5m6o690.0218 PATp000001364r2025-07-15 00:00:00s2014-12-02yBB